000 01269nam a22003377a 4500
001 823
005 20230710160306.0
008 230710b cb ||||| |||| 00| 0 eng d
020 _a9780805079289 (hardcover : alk. paper)
020 _a0805079289 (hardcover : alk. paper)
020 _a9780805078367 (paperback : alk. paper)
020 _a0805078363 (paperback : alk. paper)
040 _aDLC
_cDLC
_dDLC
_beng
050 0 0 _aPZ7.T7356
_bCu 2006
082 0 0 _a105
_222
100 1 _aTrine, Greg.
245 1 4 _aThe curse of the bologna sandwich /
_cGreg Trine ; illustrated by Rhode Montijo.
250 _a1st hardcover and pbk. eds.
260 _aNew York :
_bSquare Fish,
_c2006.
300 _a138 pages :
_billustrations,
_c19 cm.
490 1 _aMelvin Beederman, superhero
505 _aN
520 _aAfter graduating from the superhero academy, Melvin Beederman heads for Los Angeles, where he unexpectedly teams up with Candace Brinkwater, school play actress, to nab the evil McNasty Brothers.
521 _a550
_bLexile
521 _aN
_bRaz-Plus
650 1 _aHeroes
_vFiction.
650 1 _aHumorous stories.
700 1 _aMontijo, Rhode,
_eillustrator.
906 _a7
_bcbc
_corignew
_d1
_eecip
_f20
_gy-gencatlg
942 _2ddc
_cBK
_n0
999 _c823
_d823